Vista normal
Vista MARC
Entrada Geographic Name
Número de registros utilizados en: 2
001 - CONTROL NUMBER
- control field: 65045
003 - CONTROL NUMBER IDENTIFIER
- control field: OSt
005 - DATE AND TIME OF LATEST TRANSACTION
- control field: 20250919194438.0
008 - FIXED-LENGTH DATA ELEMENTS
- fixed length control field: 250919|| aca||aabn | a|a d
040 ## - CATALOGING SOURCE
- Original cataloging agency: OSt
- Transcribing agency: OSt
151 ## - HEADING--GEOGRAPHIC NAME
- Geographic name: Alcarria (España)
- General subdivision: Descripciones y viajes
670 ## - SOURCE DATA FOUND
- Source citation: Work cat.: (OSt)59219: Cela, Camilo José, 1916-2002. 65043, Viaje a la Alcarria /